000 00429nam a2200157 4500
005 20210930111158.0
037 _aBC_456 66
_fbroch
040 _aBC-ENSA
_bfre
041 _afre
_bfre
100 _aGIET, A./GEMINARD, L.
245 _aRésistance des matériaux
_nTOME 1
260 _aPARIS
_bDUNOD
_c1968
562 _e exemplaire(s)
653 _aMATERIAUX/TECHNOLOGIE/MATHEMATIQUE/PHYSIQUE
942 _c09
999 _c33676
_d61674